<?xml version="1.0" encoding="UTF-8"?>
<record
    xmlns:xsi="http://www.w3.org/2001/XMLSchema-instance"
    xsi:schemaLocation="http://www.loc.gov/MARC21/slim http://www.loc.gov/standards/marcxml/schema/MARC21slim.xsd"
    xmlns="http://www.loc.gov/MARC21/slim">

  <leader>00551cam a22002051  4500</leader>
  <controlfield tag="001">he 65001136 </controlfield>
  <controlfield tag="003">DLC</controlfield>
  <controlfield tag="005">20260227111432.0</controlfield>
  <controlfield tag="008">940420s1964    is c          000 0 yid  </controlfield>
  <datafield tag="010" ind1=" " ind2=" ">
    <subfield code="a">he 65001136 </subfield>
  </datafield>
  <datafield tag="025" ind1=" " ind2=" ">
    <subfield code="a">PL480:Is-588</subfield>
  </datafield>
  <datafield tag="035" ind1=" " ind2=" ">
    <subfield code="a">(OCoLC)30303143</subfield>
  </datafield>
  <datafield tag="040" ind1=" " ind2=" ">
    <subfield code="a">DLC</subfield>
    <subfield code="c">TxU</subfield>
    <subfield code="d">DLC</subfield>
  </datafield>
  <datafield tag="042" ind1=" " ind2=" ">
    <subfield code="a">premarc</subfield>
  </datafield>
  <datafield tag="050" ind1="0" ind2="0">
    <subfield code="a">PJ5129.K245</subfield>
    <subfield code="b">M5</subfield>
  </datafield>
  <datafield tag="100" ind1="1" ind2=" ">
    <subfield code="a">Kahan, Jacob.</subfield>
  </datafield>
  <datafield tag="245" ind1="1" ind2="3">
    <subfield code="a">Di mishpo&#x1E25;e Erlikh;</subfield>
    <subfield code="b">roman</subfield>
    <subfield code="c">[fun] Ya&#x2BB;akov Kahan (Ben Aharon)</subfield>
  </datafield>
  <datafield tag="260" ind1=" " ind2=" ">
    <subfield code="a">Tel-Aviv,</subfield>
    <subfield code="b">Nay-Lebn,</subfield>
    <subfield code="c">724, 1964.</subfield>
  </datafield>
  <datafield tag="300" ind1=" " ind2=" ">
    <subfield code="a">227 p.</subfield>
    <subfield code="b">port.</subfield>
    <subfield code="c">24 cm.</subfield>
  </datafield>
  <datafield tag="999" ind1=" " ind2=" ">
    <subfield code="c">31265</subfield>
    <subfield code="d">31265</subfield>
  </datafield>
</record>
